000 00297nam a2200109Ia 4500
008 190902s9999||||xx |||||||||||||| ||und||
100 _aIrfan Ul-Haque
245 0 _aFinancial Sector of Pakistan and Industrial Financing
260 _aKarachi
_bMaaref Printers
_c1998
300 _a289
942 _cBK
999 _c2796
_d2796